000 00574nam a2200229Ia 4500
008 180523s9999 xx 000 0 und d
020 _a971-23-4038-4
050 _aMAIN QM 23
050 _b.S56 2002
100 _aSignh, Inderbir.
245 0 _aEssentials of anatomy /
245 0 _cInderbir Singh.
260 _aNew Delhi :
260 _bJaypee Brothers Medical Publishers,
260 _c2002
300 _a536 pages :
300 _billustrations ;
300 _c28 cm.
500 _aIncludes index.
650 _aHuman anatomy.
650 _xAnatomy.
999 _c357573
_d357573